Economic aspects of German unification : national and international perspectives

Αποθηκεύτηκε σε:
Λεπτομέρειες βιβλιογραφικής εγγραφής
Άλλοι συγγραφείς: Welfens, Paul J. J. (Επιμελητής έκδοσης)
Μορφή: Βιβλίο
Γλώσσα:English
Δημοσίευση: Berlin ; : New York : Springer-Verlag, c1992
Θέματα:
Ετικέτες: Προσθήκη ετικέτας
Δεν υπάρχουν, Καταχωρήστε ετικέτα πρώτοι!

MARC

LEADER 00000cam a2200000 i 4500
001 1/28009
008 960708s1992 eng d
020 |a 3540550062 ((Berlin : alk. paper)) 
020 |a 0387550062 ((New York : alk. paper)) 
035 |l 10022962 
040 |a GR-MY-UA  |b gre  |e aacr 
041 0 |a eng 
082 0 |a 330.9430879 
245 1 0 |a Economic aspects of German unification :  |b national and international perspectives /  |c Paul J.J. Welfens (ed.) 
260 |a Berlin ; :   |a New York :   |b Springer-Verlag,   |c c1992 
300 |a xi, 402 p.;  |b ill., maps;  |c 25 cm. 
500 |a Based on papers presented at a conference held at the Paul H. Nitze School of Advanced International Studies, Washington, D.C., Nov. 13-14, 1990, sponsored by the American Institute for Contemporary German Studies 
504 |a Includes bibliographical references and index 
610 2 0 |a European Economic Community  |z Germany  |x Congresses. 
650 0 0 |a Competition, International  |x Congresses. 
651 0 |a Germany  |x Economic policy  |y 1990-  |x Congresses. 
651 0 |a Germany  |x History  |y Unification, 1990  |x Congresses. 
651 0 |a Germany  |x Foreign economic relations  |x Congresses. 
700 1 |a Welfens, Paul J. J.  |4 edt 
852 |a INST  |b CHIOS  |e 19960708  |h 330.9430879 ECO  |p 005200003130  |q 005200003130  |t BK  |y 0 
909 |a Χ  |b 027100